| 000 | 00467nam a2200193 4500 | ||
|---|---|---|---|
| 003 | LK-CoMWRAF | ||
| 005 | 20231230095432.0 | ||
| 008 | 230901b1993 |||||||| |||| 00| 0 eng d | ||
| 020 | _a9771601164 | ||
| 040 |
_aLK-CoMWRAF _dLK-CoMWRAF _eLK-CoMWRAF |
||
| 041 | _aeng | ||
| 082 |
_a823 _bWES |
||
| 100 | _aWest, Michael | ||
| 245 | _aThe Count of monte cristo | ||
| 260 |
_aUK : _bLongman group _c1993 |
||
| 300 | _a144p | ||
| 650 | _aEnglish Fiction | ||
| 942 | _cBK | ||
| 999 |
_c3351 _d3351 |
||